Statistics for Times Tables - 11x

Click here to take the quiz!

General Stats

  • This quiz has been taken 62 times
  • The average score is 12 of 12

Answer Stats

EquationAnswer% Correct
1x1111
100%
2x1122
100%
3x1133
100%
4x1144
100%
5x1155
100%
6x1166
100%
7x1177
100%
8x1188
100%
9x1199
100%
10x11110
93%
11x11121
91%
12x11132
89%

Score Distribution

Percentile by Number Answered

Percent of People with Each Score

Your Score History

You have not taken this quiz